[Event "Tula Afromeev Memorial"]
[Site "Tula"]
[Date "2005.07.28"]
[Round "9"]
[White "Saulin, Dmitri"]
[Black "Poletov, Vladimir"]
[Result "1-0"]
[WhiteElo "2446"]
[BlackElo "2362"]
[PlyCount "47"]
[EventDate "2005.07.20"]
[EventType "tourn"]
[EventRounds "11"]
[EventCountry "RUS"]
[EventCategory "6"]
[SourceTitle "EXT 2006"]
[Source "ChessBase"]
[SourceDate "2005.11.24"]
[SourceVersion "1"]
[SourceVersionDate "2005.11.24"]
[SourceQuality "1"]

1. e4 c5 2. Nf3 Nc6 3. d4 cxd4 4. Nxd4 g6 5. Nc3 Bg7 6. Be3 Nf6 7. Nxc6 bxc6 8. e5 Nd5 9. Nxd5 cxd5 10. Qxd5 Rb8 11. Bc4 e6 12. Qc5 Rb6 13. 0-0 Rc6 14. Qb4 Bxe5 15. f4 Qc7 16. Bb5 Bd6 17. Qd4 0-0 18. Bxc6 Qxc6 19. Qxa7 Bb7 20. Rf2 Ra8 21. Qb6 Qe4 22. Qxd6 Qxe3 23. Rd1 Bc6 24. a3 1-0

[Event "Tula Afromeev Memorial"]
[Site "Tula"]
[Date "2005.07.25"]
[Round "6"]
[White "Poletov, Vladimir"]
[Black "Novikov, Maxim"]
[Result "0-1"]
[WhiteElo "2362"]
[BlackElo "2510"]
[PlyCount "101"]
[EventDate "2005.07.20"]
[EventType "tourn"]
[EventRounds "11"]
[EventCountry "RUS"]
[EventCategory "6"]
[SourceTitle "EXT 2006"]
[Source "ChessBase"]
[SourceDate "2005.11.24"]
[SourceVersion "1"]
[SourceVersionDate "2005.11.24"]
[SourceQuality "1"]

1. Nf3 d5 2. g3 Nf6 3. Bg2 e6 4. d3 Be7 5. 0-0 0-0 6. Nbd2 Nc6 7. e4 dxe4 8. dxe4 e5 9. h3 Be6 10. Ng5 Qd6 11. Nxe6 Qxe6 12. c3 Bc5 13. Qe2 Rfd8 14. a4 a6 15. Nc4 Rd7 16. Be3 Bxe3 17. Nxe3 Rad8 18. Rfd1 Ne7 19. Rxd7 Rxd7 20. Rd1 Qc6 21. Rxd7 Nxd7 22. Qc2 Nc5 23. Qd1 Qd7 24. Qh5 Nxa4 25. Qxe5 Nxb2 26. Nf5 Nxf5 27. exf5 Nc4 28. Qf4 Nd6 29. g4 c6 30. h4 f6 31. g5 Qe7 32. gxf6 gxf6 33. Qg3+ Kf8 34. h5 Nxf5 35. Qb8+ Kg7 36. Qf4 Qe5 37. Qg4+ Kf7 38. Bh3 Ne7 39. Qd7 b5 40. h6 a5 41. f4 Qe3+ 42. Kg2 Qe2+ 43. Kg1 Qe3+ 44. Kg2 Qe4+ 45. Kg1 f5 46. Bg2 Qe3+ 47. Kh1 Qe1+ 48. Kh2 Qh4+ 49. Kg1 Qg3 50. Kf1 Qxc3 51. Kf2 0-1

[Event "RUS-Cup sf 05"]
[Site "Tula"]
[Date "2005.05.24"]
[Round "7"]
[White "Kainov, Aleksey"]
[Black "Poletov, Vladimir"]
[Result "1/2-1/2"]
[WhiteElo "2226"]
[BlackElo "2362"]
[PlyCount "23"]
[EventDate "2005.05.11"]
[EventType "swiss"]
[EventRounds "7"]
[EventCountry "RUS"]
[SourceTitle "EXT 2006"]
[Source "ChessBase"]
[SourceDate "2005.11.24"]
[SourceVersion "1"]
[SourceVersionDate "2005.11.24"]
[SourceQuality "1"]

1. c4 e5 2. Nc3 Nc6 3. Nf3 Nf6 4. g3 g6 5. d4 exd4 6. Nxd4 Bg7 7. Bg2 0-0 8. 0-0 Re8 9. Nc2 d6 10. Ne3 Ne5 11. b3 Ned7 12. Bb2 1/2-1/2